Derecho laboral y transición democrática: el caso español y el caso chileno
Gespeichert in:
| 1. Verfasser: | |
|---|---|
| Format: | Buch |
| Sprache: | Spanisch |
| Veröffentlicht: |
Santiago
Chile América CESOC
1990
|
| Schlagworte: | |
| Tags: |
Tag hinzufügen
Keine Tags, Fügen Sie den ersten Tag hinzu!
|
MARC
| LEADER | 00000nam a2200000 a 4500 | ||
|---|---|---|---|
| 001 | UCX3230 | ||
| 003 | CL-VaPUC | ||
| 005 | 20200319223942.0 | ||
| 008 | 911016e19900000CL |||||||||||||||||spa|d | ||
| 999 | |c 224037 |d 224035 | ||
| 040 | |c Pontificia Universidad Católica de Valparaíso | ||
| 082 | 0 | 4 | |a 344.01 CUE 1990 |2 21 |
| 100 | 0 | |a Cueto Román, Patricio |e author |9 319337 | |
| 245 | 1 | 0 | |a Derecho laboral y transición democrática: |b el caso español y el caso chileno |
| 260 | |a Santiago |b Chile América CESOC |c 1990 | ||
| 300 | |a 142 páginas | ||
| 583 | |a last modification |c 20170711 03:59:14 |k Rodrigo Vera | ||
| 650 | 7 | |a DERECHO LABORAL |2 CL-VaPUC |9 15 | |
| 650 | 7 | |a LEGISLACION SOCIAL |2 CL-VaPUC |9 257176 | |
| 650 | 7 | |a POLITICA LABORAL |2 CL-VaPUC |9 319338 | |
| 942 | |c BK |2 ddc | ||
| 945 | |d 19911016 00:00:00 | ||
| 952 | |0 0 |1 0 |4 0 |6 344_010000000000000_CUE_1990 |7 0 |8 A |9 220409 |a BIBGIM |b BIBGIM |d 2019-11-15 |i 2891204 |o 344.01 CUE 1990 |p 2891204 |r 2025-01-15 |w 2019-11-15 |y BK |k SSL | ||